| 000 | 00413nam a22001577a 4500 | ||
|---|---|---|---|
| 005 | 20250811150025.0 | ||
| 008 | 250811b |||||||| |||| 00| 0 eng d | ||
| 050 |
_aQA 76.6 .D34 2003 _bC. 1 |
||
| 100 | _aDEITEL, H.M | ||
| 245 | _aOPERATING SYSTEMS | ||
| 250 | _a2ND EDITION | ||
| 260 |
_aBOSTON, INDIA _bPEARSON EDUCATION _c2003 |
||
| 300 | _aXXVI,852 P., ILL: | ||
| 500 | _aINCLUDES INDEX | ||
| 942 |
_2lcc _cBK |
||
| 999 |
_c216012 _d216012 |
||